000 00562nam a2200193Ia 4500
003 IN-BaIIA
008 211028s9999 xx 000 0 eng d
020 _a0-14-020676-0
040 _cIIA Library
080 _a8.081
_bCOO
100 _aCooper, Bruce M.
_911470
245 0 _aWriting technical reports.
_cBruce M. Cooper
260 _aUK
_bPenguin Books
_c1964
300 _a188p.
650 _aAstronomy and Astrophysics Thesaurus
650 _aTechnical Reports
_911471
650 _aWriting
_911472
942 _cBK
999 _c6696
_d6696